| 000 | 00946cab a22001935a 4500 | ||
|---|---|---|---|
| 001 | L144911 | ||
| 008 | 080820e20080725XXKdo f s 000 0 eng u | ||
| 035 | _a(Sirsi) u144911 | ||
| 041 | 0 | _aeng | |
| 100 | 1 | _aHewes, Martin | |
| 245 | 0 | 0 |
_aTop 150 _bHold on tight... |
| 260 | _c2008 | ||
| 490 | 0 |
_aBuilding _vsupplement 25 July 2008, (23) |
|
| 520 | _aContains rankings tables for the past year. Includes top 150 contractors and housebuilders by turnover and pre-tax profit; top 50 contractors by contracting turnover, contracting operating profit and operating margin; top 25 facilities management contractors by turnover; top 25 housebuilders by housing turnover, housing operating profit, operating margin and sales/completions; and top 100 contractors and housebuilders by highest-paid director and employees' average pay. | ||
| 651 | 4 |
_aUnited Kingdom _y |
|
| 690 |
_aConstruction management _96230 |
||
| 700 | 1 | _aLeftly, Mark | |
| 942 | _n0 | ||
| 999 |
_c80638 _d80638 |
||